| 000 | 00896nam a2200217Ia 4500 | ||
|---|---|---|---|
| 999 |
_c51428 _d51428 |
||
| 001 | 18414 | ||
| 003 | GE_BSU | ||
| 005 | 20250425165124.0 | ||
| 008 | 181216s2014||||ge |||||||||||||| ||geo|| | ||
| 040 | _cGE_BSU | ||
| 041 | _ageo | ||
| 080 | _a821.353.1.09 ტ-88 | ||
| 100 |
_aტუღუში, ზოია _924954 |
||
| 245 |
_aლიტერატურული წერილები _cზოია ტუღუში; რედ: ნონა გიგინეიშვილი |
||
| 264 |
_aლანჩხუთი : _bშპს "ჰო და არას" სტ., _c2014. |
||
| 300 |
_a191 გვ.; _b19 სმ. |
||
| 653 | _aლიტერატურული წერილები | ||
| 653 | _aქართული ლიტერატურა | ||
| 700 |
_aგიგინეიშვილი, ნონა _eრედაქტორი _924955 |
||
| 942 |
_cBK _2udc |
||